[Event "BCF-chTa 1920 (4NCL)"]
[Site "Daventry"]
[Date "2020.02.09"]
[Round "6.21"]
[White "Turner, Matthew"]
[Black "Schneider, Dmitry"]
[Result "1/2-1/2"]
[WhiteElo "2521"]
[BlackElo "2475"]
[PlyCount "131"]
[EventDate "2019.11.09"]
[EventType "team-tourn"]
[EventRounds "11"]
[EventCountry "ENG"]
[SourceTitle "CBM 194 Extra"]
[Source "ChessBase"]
[SourceDate "2020.03.31"]
[SourceVersion "1"]
[SourceVersionDate "2020.03.31"]
[SourceQuality "1"]
[WhiteTeam "Barbican"]
[BlackTeam "White Rose"]
[WhiteTeamCountry "ENG"]
[BlackTeamCountry "ENG"]

1. Nf3 d5 2. g3 c5 3. Bg2 Nc6 4. d4 Nf6 5. 0-0 e6 6. c4 Be7 7. dxc5 Bxc5 8. Nc3 0-0 9. cxd5 exd5 10. b3 a6 11. Bb2 Ba7 12. Rc1 d4 13. Na4 Re8 14. Re1 Ne4 15. Rf1 Bg4 16. h3 Bh5 17. g4 Bg6 18. Rxc6 bxc6 19. Bxd4 Bxd4 20. Nxd4 Qf6 21. e3 h5 22. gxh5 Bh7 23. Qf3 Qxf3 24. Nxf3 c5 25. Rc1 Rac8 26. h4 Bf5 27. Ng5 f6 28. Nxe4 Bxe4 29. Bf1 a5 30. Kh2 Bf3 31. Nxc5 Bxh5 32. a3 Red8 33. b4 axb4 34. axb4 Rd2 35. Kg3 Rb2 36. Bc4+ Kh8 37. Be6 Rd8 38. Bf5 Rd1 39. Nd3 Rxc1 40. Nxb2 Rc3 41. Be6 Rc6 42. Bc4 Rb6 43. Nd3 Be2 44. b5 Rd6 45. Ne5 Bxc4 46. Nxc4 Rd5 47. b6 Rb5 48. h5 Rb4 49. Nd6 Rxb6 50. Nf5 Kh7 51. f3 Rb1 52. Kg2 Rb5 53. e4 Ra5 54. Kg3 Ra1 55. Kg2 Kg8 56. Kh2 Kf7 57. Kg2 Ra7 58. Kg3 Ra8 59. Nd6+ Ke6 60. Nf5 Ra7 61. Nd4+ Kf7 62. Nf5 Rd7 63. Kh3 Ke6 64. Kg3 Ke5 65. h6 gxh6 66. Nxh6 1/2-1/2

[Event "London Classic op 4th"]
[Site "London"]
[Date "2012.12.07"]
[Round "7"]
[White "Rendle, Thomas E"]
[Black "Schneider, Dmitry"]
[Result "0-1"]
[WhiteElo "2381"]
[BlackElo "2477"]
[PlyCount "76"]
[EventDate "2012.12.01"]
[EventType "swiss"]
[EventRounds "9"]
[EventCountry "ENG"]
[SourceTitle "CBM 151 Extra"]
[Source "ChessBase"]
[SourceDate "2012.12.18"]
[SourceVersion "1"]
[SourceVersionDate "2012.12.18"]
[SourceQuality "1"]

1. e4 e5 2. Nf3 Nc6 3. Bb5 a6 4. Ba4 Nf6 5. 0-0 Be7 6. d4 exd4 7. Re1 b5 8. Bb3 d6 9. Bd5 Nxd5 10. exd5 Ne5 11. Nxd4 Bg4 12. f3 Bd7 13. f4 Nc4 14. Qe2 Kf8 15. a4 Bf6 16. c3 Nb6 17. Nc6 Bxc6 18. dxc6 Nxa4 19. Be3 Qe8 20. Qf3 Nxb2 21. Bf2 Qc8 22. Nd2 h5 23. f5 Nc4 24. Nxc4 bxc4 25. Rab1 Be5 26. Rb7 Rh6 27. Rf1 a5 28. Be3 Rf6 29. Qxh5 Kg8 30. g4 d5 31. Rfb1 Bxc3 32. Bf4 Rxc6 33. g5 Qe8 34. Bxc7 Qe3+ 35. Kf1 Qd3+ 36. Kg2 Qc2+ 37. Kg3 Rxc7 38. g6 Be5+ 0-1

[Event "London Classic op 4th"]
[Site "London"]
[Date "2012.12.01"]
[Round "1"]
[White "Skutta, Bernd"]
[Black "Schneider, Dmitry"]
[Result "0-1"]
[WhiteElo "2067"]
[BlackElo "2477"]
[PlyCount "82"]
[EventDate "2012.12.01"]
[EventType "swiss"]
[EventRounds "9"]
[EventCountry "ENG"]
[SourceTitle "CBM 151 Extra"]
[Source "ChessBase"]
[SourceDate "2012.12.18"]
[SourceVersion "1"]
[SourceVersionDate "2012.12.18"]
[SourceQuality "1"]

1. d4 d5 2. Nf3 c6 3. c4 e6 4. e3 Nf6 5. b3 Nbd7 6. Bb2 Bd6 7. Ne5 Ne4 8. Bd3 Bb4+ 9. Kf1 Nxe5 10. dxe5 dxc4 11. bxc4 Nc5 12. Bc2 Qxd1+ 13. Bxd1 Nd3 14. Bd4 c5 15. Be2 cxd4 16. Bxd3 dxe3 17. fxe3 b6 18. Be4 Rb8 19. Ke2 Ba6 20. Bc6+ Ke7 21. Bb5 Bxb5 22. cxb5 Rhc8 23. a4 Rc2+ 24. Kf3 Rd8 25. Na3 Rc3 26. Nb1 Rc5 27. Ra2 Rdd5 28. Na3 Rc3 29. Nc2 Bc5 30. Re1 Rxe5 31. Rb2 f5 32. g3 Re4 33. Ra2 g5 34. Re2 Kf6 35. Kf2 f4 36. gxf4 gxf4 37. Kg2 fxe3 38. Kf3 Kf5 39. Ne1 Rf4+ 40. Kg2 Rf2+ 41. Kg1 Rc1 0-1

[Event "USA tt"]
[Site "ICC INT"]
[Date "2009.10.26"]
[Round "9"]
[White "Schneider, Dmitry"]
[Black "Schroer, Jonathan"]
[Result "1/2-1/2"]
[WhiteElo "2483"]
[BlackElo "2354"]
[PlyCount "218"]
[EventDate "2009.08.31"]
[EventType "team (rapid)"]
[EventRounds "10"]
[EventCountry "USA"]
[SourceTitle "EXT 2010"]
[Source "ChessBase"]
[SourceDate "2010.11.25"]
[SourceVersion "1"]
[SourceVersionDate "2010.11.25"]
[SourceQuality "1"]

1. e4 e5 2. Nf3 Nc6 3. Bb5 a6 4. Ba4 Nf6 5. d3 d6 6. c3 Be7 7. Nbd2 0-0 8. Nf1 b5 9. Bb3 d5 10. Qe2 Be6 11. Ng3 a5 12. exd5 Nxd5 13. 0-0 a4 14. Bc2 Nf4 15. Bxf4 exf4 16. Ne4 Re8 17. d4 Qd5 18. Ned2 Bf5 19. Bxf5 Qxf5 20. Rfe1 g5 21. Qe4 Qxe4 22. Nxe4 g4 23. Ne5 Nxe5 24. dxe5 Ra6 25. g3 f3 26. h3 h5 27. Nd2 Bg5 28. Nf1 Rae6 29. Rad1 Rxe5 30. Rxe5 Rxe5 31. hxg4 hxg4 32. Rd4 f5 33. c4 Kf7 34. Rd7+ Ke6 35. Rxc7 f4 36. Rc6+ Kf5 37. cxb5 Rxb5 38. Rc4 Rxb2 39. Rxa4 Rb1 40. Ra5+ Kf6 41. Ra6+ Kf7 42. gxf4 Bf6 43. Rd6 Be7 44. Rd5 Rc1 45. a4 Bc5 46. Rd3 Ke6 47. a5 Kf5 48. a6 Kxf4 49. Rd7 Ra1 50. Rf7+ Ke4 51. Rg7 Kf5 52. Rf7+ Kg6 53. Rf4 Kg5 54. Rc4 Bb6 55. Rc3 Rxa6 56. Nd2 Ra1+ 57. Kh2 Bxf2 58. Nxf3+ gxf3 59. Rxf3 Bd4 60. Rb3 Kg4 61. Rg3+ Kf4 62. Rg8 Be5 63. Kg2 Ra2+ 64. Kh1 Kf3 65. Rg2 Ra1+ 66. Rg1 Ra8 67. Rf1+ Kg3 68. Rg1+ Kh3 69. Rd1 Ra4 70. Kg1 Ra2 71. Kf1 Kg3 72. Rd3+ Kf4 73. Rb3 Ke4 74. Kg1 Bd4+ 75. Kf1 Be3 76. Ke1 Rc2 77. Kd1 Rc8 78. Ke2 Rc2+ 79. Kd1 Rh2 80. Ke1 Rh8 81. Ke2 Bd4 82. Kd2 Rh2+ 83. Kd1 Kd5 84. Ke1 Kc4 85. Rf3 Ra2 86. Kf1 Kd5 87. Rb3 Ke4 88. Ke1 Be3 89. Kd1 Kd4 90. Ke1 Bg5 91. Kf1 Ke4 92. Ke1 Be3 93. Kd1 Rd2+ 94. Kc1 Kd4 95. Kb1 Bg5 96. Rb2 Rd1+ 97. Kc2 Rc1+ 98. Kb3 Rc8 99. Rg2 Be3 100. Rc2 Rb8+ 101. Ka4 Kd5 102. Ka3 Bc5+ 103. Ka2 Bd4 104. Ka3 Ke4 105. Ka4 Kd3 106. Rc6 Bc3 107. Rd6+ Kc4 108. Rc6+ Kd4 109. Rc7 Rb4+ 1/2-1/2

[Event "USA tt"]
[Site "ICC INT"]
[Date "2009.09.08"]
[Round "2"]
[White "Schneider, Dmitry"]
[Black "Erenburg, Sergey"]
[Result "1/2-1/2"]
[WhiteElo "2483"]
[BlackElo "2564"]
[PlyCount "128"]
[EventDate "2009.08.31"]
[EventType "team (rapid)"]
[EventRounds "10"]
[EventCountry "USA"]
[SourceTitle "CBM 132 Extra"]
[Source "ChessBase"]
[SourceDate "2009.11.03"]
[SourceVersion "1"]
[SourceVersionDate "2009.11.03"]
[SourceQuality "1"]

1. e4 c6 2. d4 d5 3. exd5 cxd5 4. c4 Nf6 5. Nc3 e6 6. Nf3 Bb4 7. cxd5 Nxd5 8. Qc2 Nc6 9. a3 Be7 10. Bd3 h6 11. 0-0 0-0 12. Rd1 Re8 13. Bh7+ Kh8 14. Ne5 Nxe5 15. dxe5 Qa5 16. Bd2 Qc7 17. Nxd5 Qxc2 18. Bxc2 exd5 19. Ba4 Rd8 20. Rac1 Bd7 21. Bb3 Bc6 22. f4 a5 23. Be3 a4 24. Ba2 Rd7 25. Bd4 Bd8 26. Bb1 Bb5 27. Bf2 Bc6 28. Bf5 Re7 29. Bc5 Re8 30. Bg4 Ra5 31. Bd4 Rb5 32. Be2 Rb3 33. Rc3 Rxc3 34. Bxc3 Bb6+ 35. Bd4 Bxd4+ 36. Rxd4 g5 37. g3 f6 38. Bh5 fxe5 39. Rxd5 Rf8 40. Rxe5 gxf4 41. gxf4 Rxf4 42. Be8 Rg4+ 43. Kf1 Rf4+ 44. Kg1 Rg4+ 45. Kf1 Bh1 46. Ra5 Rg2 47. Rxa4 Rxb2 48. h4 Kg7 49. Rf4 Bg2+ 50. Kg1 Bd5 51. Rd4 Be6 52. Bd7 Bf7 53. a4 Kf6 54. Rf4+ Ke7 55. Bb5 Be6 56. Rd4 Bh3 57. Rc4 Kd6 58. Rf4 Ke5 59. Rf8 Bf5 60. Rh8 Kf4 61. Rxh6 Kg3 62. Bf1 Rh2 63. Rh8 Rxh4 64. Rxh4 Kxh4 1/2-1/2

[Event "WMSG Rapid Team 1st"]
[Site "Beijing"]
[Date "2008.10.15"]
[Round "6"]
[White "Varga, Zoltan"]
[Black "Schneider, Dmitry"]
[Result "1-0"]
[WhiteElo "2494"]
[BlackElo "2487"]
[PlyCount "67"]
[EventDate "2008.10.14"]
[EventType "team-tourn (rapid)"]
[EventRounds "9"]
[EventCountry "CHN"]
[SourceTitle "CBM 126 Extra"]
[Source "ChessBase"]
[SourceDate "2008.11.05"]
[SourceVersion "1"]
[SourceVersionDate "2008.11.05"]
[SourceQuality "1"]

1. e4 e5 2. Nf3 Nc6 3. Nc3 Nf6 4. Bb5 Bd6 5. 0-0 0-0 6. d3 h6 7. Ne2 Re8 8. Ng3 Bf8 9. c3 a6 10. Ba4 g6 11. h3 Bg7 12. Re1 b5 13. Bc2 d5 14. a4 b4 15. a5 Rb8 16. Ba4 Bd7 17. Bd2 bxc3 18. bxc3 dxe4 19. Nxe4 Nxe4 20. dxe4 Re6 21. Be3 Rd6 22. Qe2 Ne7 23. Bc5 Bxa4 24. Bxd6 cxd6 25. Rxa4 d5 26. Qxa6 Qd7 27. Rb4 Rc8 28. Rb7 Rc7 29. Rxc7 Qxc7 30. exd5 Qxc3 31. d6 Nc6 32. Qc8+ Kh7 33. d7 Bf6 34. a6 1-0

[Event "WMSG Blitz Team 1st"]
[Site "Beijing"]
[Date "2008.10.13"]
[Round "10"]
[White "Schneider, Dmitry"]
[Black "Di Berardino, Diego Rafael"]
[Result "0-1"]
[WhiteElo "2487"]
[BlackElo "2502"]
[PlyCount "90"]
[EventDate "2008.10.13"]
[EventType "tourn (blitz)"]
[EventRounds "11"]
[EventCountry "CHN"]
[SourceTitle "CBM 126 Extra"]
[Source "ChessBase"]
[SourceDate "2008.11.05"]
[SourceVersion "1"]
[SourceVersionDate "2008.11.05"]
[SourceQuality "1"]

1. e4 c5 2. Nf3 d6 3. d4 cxd4 4. Nxd4 Nf6 5. Nc3 a6 6. Be3 e5 7. Nb3 Be6 8. Qd2 Be7 9. 0-0-0 Nbd7 10. f3 0-0 11. g4 b5 12. Kb1 b4 13. Nd5 Bxd5 14. exd5 a5 15. Bb5 Nb6 16. Bc6 Nc4 17. Qe2 Nxe3 18. Qxe3 Rb8 19. Qa7 a4 20. Qxa4 e4 21. g5 Nh5 22. fxe4 Bxg5 23. Nd4 Bf6 24. Rhf1 Be5 25. Qa7 Nf4 26. Nf3 Ng6 27. h4 h5 28. Ng5 Bf6 29. Qf2 Bxg5 30. hxg5 Qxg5 31. Rg1 Qh6 32. Qf5 Ne5 33. Rg5 g6 34. Rdg1 Kh7 35. Qf6 Rbd8 36. Rxe5 dxe5 37. Qxe5 Qe3 38. Rh1 Qf3 39. Rc1 h4 40. Bb5 h3 41. Rf1 Qg2 42. Qe7 Qg4 43. Rxf7+ Rxf7 44. Qxf7+ Kh6 45. Qf2 Qd1# 0-1

[Event "Richardson UTD GM"]
[Site "Richardson"]
[Date "2007.12.10"]
[Round "6"]
[White "Izoria, Zviad"]
[Black "Schneider, Dmitry"]
[Result "0-1"]
[WhiteElo "2643"]
[BlackElo "2502"]
[PlyCount "74"]
[EventDate "2007.12.06"]
[EventType "tourn"]
[EventRounds "11"]
[EventCountry "USA"]
[EventCategory "9"]
[SourceTitle "CBM 121 Extra"]
[Source "ChessBase"]
[SourceDate "2008.01.10"]
[SourceVersion "1"]
[SourceVersionDate "2008.01.10"]
[SourceQuality "1"]

1. Nf3 d5 2. g3 c6 3. Bg2 Nf6 4. 0-0 Bf5 5. c4 e6 6. cxd5 exd5 7. d3 Nbd7 8. Nc3 Be7 9. Qc2 0-0 10. e4 Bg6 11. Nh4 Nc5 12. Nxg6 hxg6 13. e5 Nfd7 14. d4 Ne6 15. Be3 Nb6 16. f4 Nc4 17. Bf2 f5 18. exf6 Rxf6 19. Rfe1 Bb4 20. Re2 Bxc3 21. Qxc3 Nd6 22. Rae1 Kf7 23. h4 Qd7 24. Re5 Re8 25. b3 Kg8 26. Qd3 Qf7 27. Qe2 Nc7 28. a4 Kf8 29. Qd2 Kg8 30. Qa5 Na6 31. Bf1 Rfe6 32. Bd3 Qd7 33. R1e2 Nf7 34. Rxe6 Rxe6 35. Rxe6 Qxe6 36. b4 Qe7 37. Bxa6 b6 0-1

[Event "Richardson UTD GM"]
[Site "Richardson"]
[Date "2007.12.10"]
[Round "7"]
[White "Schneider, Dmitry"]
[Black "Ramirez Alvarez, Alejandro"]
[Result "1-0"]
[WhiteElo "2502"]
[BlackElo "2505"]
[PlyCount "75"]
[EventDate "2007.12.06"]
[EventType "tourn"]
[EventRounds "11"]
[EventCountry "USA"]
[EventCategory "9"]
[SourceTitle "CBM 121 Extra"]
[Source "ChessBase"]
[SourceDate "2008.01.10"]
[SourceVersion "1"]
[SourceVersionDate "2008.01.10"]
[SourceQuality "1"]

1. e4 c5 2. Nf3 Nc6 3. d4 cxd4 4. Nxd4 Nf6 5. Nc3 e5 6. Ndb5 d6 7. Nd5 Nxd5 8. exd5 Nb8 9. c4 Be7 10. Be2 0-0 11. 0-0 a6 12. Nc3 f5 13. f4 Bf6 14. Kh1 Nd7 15. Qc2 exf4 16. Bxf4 Be5 17. Qd2 Qf6 18. Bxe5 Nxe5 19. Rac1 f4 20. Ne4 Qh6 21. c5 Bg4 22. c6 bxc6 23. dxc6 Bxe2 24. Qxe2 Rae8 25. Qd1 f3 26. Qd5+ Kh8 27. Qxd6 Qh4 28. gxf3 Rxf3 29. Nd2 Rf6 30. Rxf6 gxf6 31. c7 Kg7 32. Qd8 Ng4 33. Qd7+ Kh6 34. Nf3 Qh3 35. Qd2+ Ne3 36. Qf2 Nd5 37. c8Q Rxc8 38. Qd2+ 1-0

[Event "Richardson UTD GM"]
[Site "Richardson"]
[Date "2007.12.08"]
[Round "3"]
[White "Schneider, Dmitry"]
[Black "Bartholomew, John"]
[Result "1/2-1/2"]
[WhiteElo "2502"]
[BlackElo "2435"]
[PlyCount "55"]
[EventDate "2007.12.06"]
[EventType "tourn"]
[EventRounds "11"]
[EventCountry "USA"]
[EventCategory "9"]
[SourceTitle "CBM 121 Extra"]
[Source "ChessBase"]
[SourceDate "2008.01.10"]
[SourceVersion "1"]
[SourceVersionDate "2008.01.10"]
[SourceQuality "1"]

1. e4 c6 2. d4 d5 3. exd5 cxd5 4. c4 Nf6 5. Nc3 Nc6 6. Nf3 Bg4 7. cxd5 Nxd5 8. Qb3 Bxf3 9. gxf3 e6 10. Qxb7 Nxd4 11. Bb5+ Nxb5 12. Qc6+ Ke7 13. Qxb5 Qd7 14. Nxd5+ Qxd5 15. Bg5+ f6 16. Qxd5 exd5 17. Be3 Ke6 18. 0-0-0 Bb4 19. Kb1 Rhd8 20. a3 Bf8 21. Rd3 a5 22. Re1 Kf5 23. Red1 Ke6 24. Re1 Kf5 25. Rc1 Rd7 26. Rc6 a4 27. Kc2 Ra5 28. h3 1/2-1/2

[Event "Philadelphia National op 38th"]
[Site "Philadelphia"]
[Date "2007.11.24"]
[Round "3"]
[White "Critelli, James M"]
[Black "Schneider, Dmitry"]
[Result "1/2-1/2"]
[WhiteElo "2321"]
[BlackElo "2502"]
[PlyCount "89"]
[EventDate "2007.11.23"]
[EventType "swiss"]
[EventRounds "6"]
[EventCountry "USA"]
[SourceTitle "EXT 2012"]
[Source "ChessBase"]
[SourceDate "2011.11.24"]
[SourceVersion "1"]
[SourceVersionDate "2011.11.24"]
[SourceQuality "1"]

1. e4 e5 2. Nf3 Nc6 3. Bb5 a6 4. Ba4 Nf6 5. 0-0 Be7 6. Re1 b5 7. Bb3 d6 8. c3 0-0 9. d4 Bg4 10. Be3 Bh5 11. h3 exd4 12. cxd4 d5 13. e5 Ne4 14. Nc3 Nxc3 15. bxc3 Na5 16. Bc2 Bg6 17. g4 Qc8 18. Bg5 Bxg5 19. Nxg5 h6 20. Nf3 Bxc2 21. Qxc2 c5 22. Rad1 Nc6 23. dxc5 Ne7 24. Nd4 Qxc5 25. Re3 Rac8 26. Nf5 Nxf5 27. Qxf5 Qa3 28. e6 fxe6 29. Qxe6+ Kh8 30. Rxd5 Qxa2 31. Rf5 Qxe6 32. Rxf8+ Qg8 33. Rxg8+ Kxg8 34. Kf1 Kf7 35. Rf3+ Ke6 36. Ke2 Rc7 37. Kd2 g5 38. Rf8 Rf7 39. Ra8 Rxf2+ 40. Ke3 Ra2 41. Rh8 Kd5 42. Rxh6 Kc4 43. Rc6+ Kb3 44. Ke4 Rh2 45. Rxa6 1/2-1/2

[Event "Philadelphia National op 38th"]
[Site "Philadelphia"]
[Date "2007.11.24"]
[Round "4"]
[White "Schneider, Dmitry"]
[Black "Adu, Oladapo"]
[Result "1-0"]
[WhiteElo "2502"]
[BlackElo "2268"]
[PlyCount "36"]
[EventDate "2007.11.23"]
[EventType "swiss"]
[EventRounds "6"]
[EventCountry "USA"]
[SourceTitle "EXT 2012"]
[Source "ChessBase"]
[SourceDate "2011.11.24"]
[SourceVersion "1"]
[SourceVersionDate "2011.11.24"]
[SourceQuality "1"]

1. d4 d5 2. Bg5 c6 3. Nc3 h6 4. Bh4 Qb6 5. Qd2 Bf5 6. 0-0-0 Qa5 7. e4 Bh7 8. exd5 cxd5 9. Bb5+ Kd8 10. Nf3 g5 11. Ne5 gxh4 12. Nxf7+ Kc8 13. Qf4 Nf6 14. Nd6+ exd6 15. Qxf6 Qc7 16. Qxh8 Qf7 17. Rhe1 Nc6 18. Nxd5 Qxd5 1-0

[Event "Lubbock SPICE Cup"]
[Site "Lubbock"]
[Date "2007.11.13"]
[Round "6"]
[White "Gulko, Boris F"]
[Black "Schneider, Dmitry"]
[Result "1-0"]
[WhiteElo "2571"]
[BlackElo "2502"]
[PlyCount "125"]
[EventDate "2007.11.09"]
[EventType "tourn"]
[EventRounds "9"]
[EventCountry "USA"]
[EventCategory "12"]
[SourceTitle "EXT 2008"]
[Source "ChessBase"]
[SourceDate "2007.11.25"]
[SourceVersion "1"]
[SourceVersionDate "2007.11.25"]
[SourceQuality "1"]

1. Nf3 d5 2. c4 e6 3. g3 Nf6 4. Bg2 Be7 5. d4 c5 6. dxc5 Bxc5 7. 0-0 0-0 8. a3 a5 9. Nc3 Nc6 10. cxd5 exd5 11. Bg5 d4 12. Bxf6 Qxf6 13. Nd5 Qd8 14. Ne1 Re8 15. Nd3 Bf8 16. Rc1 Bf5 17. Re1 Be4 18. Bxe4 Rxe4 19. Qb3 Rb8 20. Rc2 Qd7 21. N5f4 Rbe8 22. Qd5 Qxd5 23. Nxd5 Rd8 24. Nb6 g5 25. Na4 Rd5 26. Kf1 g4 27. Nac5 Bxc5 28. Rxc5 Rxc5 29. Nxc5 Re7 30. Rc1 Ne5 31. Nd3 Nc6 32. Rc5 h6 33. b4 axb4 34. axb4 Kg7 35. Rd5 Kf6 36. b5 Ne5 37. Rxd4 Nxd3 38. exd3 h5 39. Rd6+ Re6 40. Rd7 Re7 41. Rxe7 Kxe7 42. d4 Kd6 43. Ke2 Kd5 44. Kd3 b6 45. Ke3 Kc4 46. Ke4 f6 47. Kf5 Kxd4 48. Kxf6 Kc5 49. Kg5 Kxb5 50. Kxh5 Kc4 51. Kxg4 b5 52. h4 b4 53. h5 b3 54. h6 b2 55. h7 b1Q 56. h8Q Qe4+ 57. f4 Qg6+ 58. Kh4 Kd3 59. g4 Ke4 60. Kg3 Qb6 61. Qe5+ Kd3 62. f5 Qg1+ 63. Kh4 1-0

[Event "Lubbock SPICE Cup"]
[Site "Lubbock"]
[Date "2007.11.12"]
[Round "5"]
[White "Krush, Irina"]
[Black "Schneider, Dmitry"]
[Result "1/2-1/2"]
[WhiteElo "2475"]
[BlackElo "2502"]
[PlyCount "63"]
[EventDate "2007.11.09"]
[EventType "tourn"]
[EventRounds "9"]
[EventCountry "USA"]
[EventCategory "12"]
[SourceTitle "EXT 2008"]
[Source "ChessBase"]
[SourceDate "2007.11.25"]
[SourceVersion "1"]
[SourceVersionDate "2007.11.25"]
[SourceQuality "1"]

1. d4 f5 2. e4 fxe4 3. Nc3 Nf6 4. Bg5 d6 5. f3 exf3 6. Nxf3 c6 7. Bd3 Bg4 8. 0-0 Nbd7 9. Qd2 Qc7 10. b4 e5 11. b5 Bxf3 12. Rxf3 Be7 13. bxc6 bxc6 14. Rh3 exd4 15. Ne4 Ne5 16. Rf1 Nd5 17. Qe2 Ne3 18. Bxe3 dxe3 19. Rxe3 Rf8 20. Re1 Qb6 21. Kh1 Kd8 22. Nd2 Qd4 23. Nf3 Nxf3 24. Rxf3 Bf6 25. c3 Qe5 26. Qd1 Qc5 27. Bxh7 Kc7 28. Qd3 Rae8 29. Rb1 Rb8 30. Re1 Rbe8 31. Rb1 Rb8 32. Re1 1/2-1/2

[Event "USA tt"]
[Site "ICC INT"]
[Date "2007.10.17"]
[Round "8"]
[White "Schneider, Dmitry"]
[Black "Charbonneau, Pascal"]
[Result "1-0"]
[WhiteElo "2488"]
[BlackElo "2503"]
[PlyCount "81"]
[EventDate "2007.08.29"]
[EventType "team-tourn"]
[EventRounds "10"]
[EventCountry "USA"]
[SourceTitle "CBM 120 Extra"]
[Source "ChessBase"]
[SourceDate "2007.11.01"]
[SourceVersion "1"]
[SourceVersionDate "2007.11.01"]
[SourceQuality "1"]

1. e4 c5 2. Nf3 Nc6 3. d4 cxd4 4. Nxd4 g6 5. c4 Bg7 6. Be3 Nf6 7. Nc3 Ng4 8. Qxg4 Nxd4 9. Qd1 Ne6 10. Rc1 b6 11. b4 0-0 12. Bd3 Bb7 13. 0-0 d6 14. f4 Nd4 15. Bb1 e5 16. f5 Rc8 17. Ne2 Nc6 18. Qd2 Qe7 19. Bh6 f6 20. Be3 gxf5 21. Rxf5 Qf7 22. a3 Ne7 23. Rf2 Kh8 24. Ng3 Rcd8 25. Qd1 Qg6 26. Rd2 Bh6 27. Bxh6 Qxh6 28. Rc3 f5 29. exf5 d5 30. cxd5 Rxd5 31. Rcd3 e4 32. Rxd5 Nxd5 33. Nxe4 Qe3+ 34. Kh1 Rxf5 35. Re2 Qf4 36. Rf2 Qe5 37. Rxf5 Qxf5 38. Nd6 Qf2 39. Nxb7 Nc3 40. Qd8+ Kg7 41. Qe7+ 1-0

[Event "Badalona op 33st"]
[Site "Badalona"]
[Date "2007.08.05"]
[Round "4.3"]
[White "Perez Mitjans, Orelvis"]
[Black "Schneider, Dmitry"]
[Result "1/2-1/2"]
[WhiteElo "2412"]
[BlackElo "2488"]
[PlyCount "116"]
[EventDate "2007.08.02"]
[EventType "swiss"]
[EventRounds "9"]
[EventCountry "ESP"]
[SourceTitle "EXT 2024"]
[Source "ChessBase"]
[SourceDate "2023.10.10"]
[SourceVersion "1"]
[SourceVersionDate "2023.10.10"]
[SourceQuality "1"]

1. e4 e5 2. Nc3 Nf6 3. f4 d5 4. fxe5 Nxe4 5. Qf3 Nxc3 6. dxc3 Be6 7. Bf4 Nd7 8. 0-0-0 Be7 9. Kb1 c5 10. Qg3 g5 11. Bd2 Qc7 12. Nf3 h6 13. h4 g4 14. Nh2 h5 15. Bf4 0-0-0 16. Be2 Qa5 17. Nf1 c4 18. Be3 Nc5 19. Bd4 Rd7 20. Qe3 Rc7 21. Ng3 Rc6 22. b4 Qb5 23. Kc1 Bf8 24. Qf2 Bh6+ 25. Be3 Bxe3+ 26. Qxe3 Nd7 27. Rhf1 Ra6 28. Nf5 Bxf5 29. Rxf5 Rxa2 30. Rxf7 Qa4 31. Kd2 d4 32. cxd4 Rxc2+ 33. Ke1 Qxb4+ 34. Kf1 Rf8 35. Rxf8+ Qxf8+ 36. Kg1 Qe7 37. e6 Nf6 38. d5 Qd6 39. Kh1 Kc7 40. Qd4 Ne8 41. Rf1 Kb8 42. Qh8 Rxe2 43. Qxe8+ Kc7 44. Qf7+ Kb6 45. Rb1+ Kc5 46. Qxb7 Qg3 47. Qe7+ Kd4 48. Rd1+ Ke4 49. Rg1 c3 50. d6 c2 51. Qb7+ Kd4 52. Qxa7+ Kd5 53. Qb7+ Kd4 54. Qb6+ Kd5 55. Qb5+ Kd4 56. Qb6+ Kd5 57. Qb5+ Kd4 58. Qb6+ Kd5 1/2-1/2

[Event "Badalona op 33st"]
[Site "Badalona"]
[Date "2007.08.04"]
[Round "3.5"]
[White "Schneider, Dmitry"]
[Black "Ryan, Joseph"]
[Result "1-0"]
[WhiteElo "2488"]
[BlackElo "2320"]
[PlyCount "103"]
[EventDate "2007.08.02"]
[EventType "swiss"]
[EventRounds "9"]
[EventCountry "ESP"]
[SourceTitle "EXT 2024"]
[Source "ChessBase"]
[SourceDate "2023.10.10"]
[SourceVersion "1"]
[SourceVersionDate "2023.10.10"]
[SourceQuality "1"]

1. e4 e6 2. d4 d5 3. Nd2 Nf6 4. e5 Nfd7 5. c3 c5 6. Ngf3 Nc6 7. Bd3 cxd4 8. cxd4 a5 9. 0-0 a4 10. a3 Nb6 11. Re1 Bd7 12. Nf1 Be7 13. Ng3 h5 14. h3 Na5 15. Rb1 Nbc4 16. Ne2 b5 17. g4 hxg4 18. hxg4 Nb3 19. Kg2 Bc6 20. Be3 Kd7 21. Nf4 g6 22. Bc2 b4 23. axb4 Bxb4 24. Rh1 Rxh1 25. Qxh1 Qh8 26. Qxh8 Rxh8 27. Nd3 Nxe3+ 28. fxe3 Be7 29. Bxb3 axb3 30. Rc1 Ra8 31. Rc3 Bb5 32. Rxb3 Bc4 33. Rb7+ Ke8 34. Nc5 Kd8 35. Kg3 Ra1 36. b4 Rb1 37. Rb8+ Kc7 38. Re8 Bd8 39. Rf8 Rxb4 40. Rxf7+ Kc6 41. Nxe6 Ba5 42. Ng7 Rb7 43. Rf6+ Kb5 44. Rxg6 Bd3 45. Nf5 Bb4 46. Nd6+ Ka4 47. Nxb7 Bxg6 48. Nd6 Ka5 49. Kf4 Kb6 50. Nh4 Bc2 51. g5 Kc6 52. Nhf5 1-0

[Event "Pardubice Czech op"]
[Site "Pardubice"]
[Date "2007.07.27"]
[Round "8"]
[White "Schneider, Dmitry"]
[Black "Potkin, Vladimir"]
[Result "0-1"]
[WhiteElo "2488"]
[BlackElo "2591"]
[PlyCount "120"]
[EventDate "2007.07.20"]
[EventType "swiss"]
[EventRounds "9"]
[EventCountry "CZE"]
[SourceTitle "CBM 119 Extra"]
[Source "ChessBase"]
[SourceDate "2007.09.04"]
[SourceVersion "1"]
[SourceVersionDate "2007.09.04"]
[SourceQuality "1"]

1. e4 c5 2. Nf3 e6 3. d4 cxd4 4. Nxd4 Nc6 5. Nc3 a6 6. Be2 d6 7. 0-0 Bd7 8. Be3 Nf6 9. f4 Be7 10. Kh1 0-0 11. Qe1 e5 12. fxe5 dxe5 13. Nxc6 Bxc6 14. Rd1 Qc7 15. Nd5 Bxd5 16. exd5 Ne4 17. c4 a5 18. Bd3 Nc5 19. Bb1 Rae8 20. b3 e4 21. Bf4 Bd6 22. Bxd6 Qxd6 23. Qxa5 b6 24. Qc3 f5 25. b4 Nd7 26. Bc2 Rc8 27. Bb3 Ne5 28. Rd4 Ng4 29. Qg3 Ne5 30. Qf4 h6 31. h3 g5 32. Qd2 Nd3 33. Rxd3 exd3 34. Qxd3 Qxb4 35. Rxf5 Qd6 36. Bc2 Rxf5 37. Qxf5 Rxc4 38. g3 Rc7 39. Kg2 Rf7 40. Qe6 Qxe6 41. dxe6 Rf6 42. Bb3 Kf8 43. g4 Ke7 44. h4 b5 45. hxg5 hxg5 46. Kg3 Rf8 47. Kg2 Kd6 48. Kg3 Rf4 49. Kh3 Rf6 50. Kg3 b4 51. Kg2 Rf8 52. Kg3 Rf4 53. Kh3 Rf3+ 54. Kg2 Rxb3 55. axb3 Kxe6 56. Kf2 Kd5 57. Ke3 Ke5 58. Kd3 Kf4 59. Kc4 Kxg4 60. Kxb4 Kf3 0-1